<?xml version="1.0" encoding="UTF-8"?>
<record
    xmlns:xsi="http://www.w3.org/2001/XMLSchema-instance"
    xsi:schemaLocation="http://www.loc.gov/MARC21/slim http://www.loc.gov/standards/marcxml/schema/MARC21slim.xsd"
    xmlns="http://www.loc.gov/MARC21/slim">

  <leader>00754nab a2200205 uc4500</leader>
  <controlfield tag="001">194672</controlfield>
  <controlfield tag="005">20260130100612.0</controlfield>
  <controlfield tag="008">980603e19960401                    spa  </controlfield>
  <datafield tag="035" ind1=" " ind2=" ">
    <subfield code="a">194672</subfield>
  </datafield>
  <datafield tag="035" ind1=" " ind2=" ">
    <subfield code="a">(OCoLC)819762810</subfield>
  </datafield>
  <datafield tag="040" ind1=" " ind2=" ">
    <subfield code="c">comduadb</subfield>
  </datafield>
  <datafield tag="041" ind1=" " ind2=" ">
    <subfield code="a">spa</subfield>
  </datafield>
  <datafield tag="100" ind1="1" ind2="0">
    <subfield code="a">Deleuze, Gilles,</subfield>
    <subfield code="d">1925-1995</subfield>
    <subfield code="4">aut</subfield>
    <subfield code="0">(isni)0000 0001 2277 323X</subfield>
    <subfield code="0">(viaf)22140703</subfield>
    <subfield code="e">aut</subfield>
    <subfield code="9">504264</subfield>
  </datafield>
  <datafield tag="245" ind1="1" ind2="3">
    <subfield code="a">El abecedario: La letra C.</subfield>
  </datafield>
  <datafield tag="600" ind1="1" ind2="4">
    <subfield code="a">Deleuze, Gilles,</subfield>
    <subfield code="d">1925-1995</subfield>
    <subfield code="4">aut</subfield>
    <subfield code="0">(isni)0000 0001 2277 323X</subfield>
    <subfield code="0">(viaf)22140703</subfield>
    <subfield code="9">504264</subfield>
  </datafield>
  <datafield tag="650" ind1=" " ind2=" ">
    <subfield code="a">Deleuze, Gilles, 1925-1995 - Pensamiento filos&#xF3;fico</subfield>
    <subfield code="9">36627</subfield>
  </datafield>
  <datafield tag="650" ind1=" " ind2="7">
    <subfield code="a">Entrevistas</subfield>
    <subfield code="2">armarc</subfield>
    <subfield code="9">132</subfield>
  </datafield>
  <datafield tag="773" ind1="0" ind2=" ">
    <subfield code="t">Revista Universidad del Valle (Cali)</subfield>
    <subfield code="g">No. 13, Abr. 1996, p. 139-141</subfield>
    <subfield code="w">184364</subfield>
    <subfield code="x">0120-4696</subfield>
    <subfield code="0">83290</subfield>
  </datafield>
  <datafield tag="942" ind1=" " ind2=" ">
    <subfield code="c">ARIMP</subfield>
  </datafield>
  <datafield tag="999" ind1=" " ind2=" ">
    <subfield code="c">84012</subfield>
    <subfield code="d">84012</subfield>
  </datafield>
</record>
